La legitimación democrático - deliberativa en el derecho : investigación de sus fundamento ácratas /

Guardado en:
Autor Principal: Barreyro, María Emilia.
Formato: Libro
Idioma:Undetermined
Publicado: Ciudad Autónoma de Buenos Aires : La Ley; Departamento de publicaciones UBA, 2017.
Edición:1a. ed.
Series:Colección Facultad de Derecho - Derecho Constitucional y Teoría del Estado
Materias:
Etiquetas: Agregar Etiqueta
Sin Etiquetas, Sea el primero en etiquetar este registro!
LEADER 00728nam a22001815a 4500
001 DER.der013814
008 190319s2017####ag############000#0#und#d
005 20240301090053.0
245 1 0 |a La legitimación democrático - deliberativa en el derecho :  |b investigación de sus fundamento ácratas /  |c María Emilia Barreyro. 
250 |a 1a. ed. 
260 |a Ciudad Autónoma de Buenos Aires :  |b La Ley; Departamento de publicaciones UBA,  |c 2017. 
300 |a 269 p. 
020 |a 9789870333661 
100 1 |a Barreyro, María Emilia. 
830 0 |a Colección Facultad de Derecho - Derecho Constitucional y Teoría del Estado 
650 7 |a LEGITIMIDAD DEL DERECHO 
650 7 |a TEORIA DISCURSIVA 
859 |a DERECHO  |b BIB. DERECHO  |h 346.001  |i BAR  |p 004286